Balang kaca bercahaya

Bibliographic Details
Main Author: Jamalludin Hj Othman
Format: Book
Published: Kuala Lumpur : Buku Must , 2006
Series:Siri kembangan minda
Subjects:

MARC

LEADER 00000cam a2200000 7i4500
001 0000001021
005 20151222.0
008 070704
020 |a 9838476331 
090 0 0 |a JF   |b AD MAL (1138) 
100 0 |a Jamalludin Hj Othman 
245 1 0 |a Balang kaca bercahaya   |c Jamalludin Hj Othman 
260 |a Kuala Lumpur :   |b Buku Must ,   |c 2006 
440 0 |a Siri kembangan minda 
500 |a Children ages 7-9 years old (orange) 
650 0 |a Malay fiction 
999 |a 0000957379   |b Book   |c Children Collection   |e Cawangan Kota Tinggi 
999 |a 0000957380   |b Book   |c Children Collection   |e Perbadanan Perpustakaan Awam Johor 
999 |a 0000957381   |b Book   |c Children Collection   |e Perbadanan Perpustakaan Awam Johor 
999 |a 0001131068   |b Book   |c Children Collection   |e Cawangan Bandar Penawar 
999 |a 0001131075   |b Book   |c Children Collection   |e Cawangan Taman Universiti 
999 |a 0001131110   |b Book   |c Children Collection   |e Cawangan Taman Sri Lambak